Basic and clinical immunology/ (Record no. 112116)
[ view plain ]
| 000 -LEADER | |
|---|---|
| fixed length control field | 00705nam a22002417a 4500 |
| 008 - FIXED-LENGTH DATA ELEMENTS--GENERAL INFORMATION | |
| fixed length control field | |
| 020 ## - INTERNATIONAL STANDARD BOOK NUMBER | |
| International Standard Book Number | 083850583X (pbk.) |
| 049 ## - LOCAL HOLDINGS (OCLC) | |
| Holding library | MAIN |
| 090 ## - LOCALLY ASSIGNED LC-TYPE CALL NUMBER (OCLC); LOCAL CALL NUMBER (RLIN) | |
| Classification number (OCLC) (R) ; Classification number, CALL (RLIN) (NR) | QR181 |
| 003 - CONTROL NUMBER IDENTIFIER | |
| control field | |
| 005 - DATE AND TIME OF LATEST TRANSACTION | |
| control field | 20230120203825.0 |
| 040 ## - CATALOGING SOURCE | |
| Transcribing agency | NUST |
| 245 00 - TITLE STATEMENT | |
| Title | Basic and clinical immunology/ |
| Statement of responsibility, etc. | edited by Daniel P. Stites, Abba I. Terr and Tristram G. Parslow. |
| 250 ## - EDITION STATEMENT | |
| Edition statement | 8th ed. |
| 260 ## - PUBLICATION, DISTRIBUTION, ETC. | |
| Place of publication, distribution, etc. | London : |
| Name of publisher, distributor, etc. | Prentice-Hall, |
| Date of publication, distribution, etc. | c1994. |
| 300 ## - PHYSICAL DESCRIPTION | |
| Extent | xviii, 870 p. : |
| Other physical details | ill. ; |
| Dimensions | 25cm. |
| 653 0# - INDEX TERM--UNCONTROLLED | |
| Uncontrolled term | Humans |
| -- | Immunology |
| 700 1# - ADDED ENTRY--PERSONAL NAME | |
| Personal name | Stites, Daniel P. |
| 700 1# - ADDED ENTRY--PERSONAL NAME | |
| Personal name | Parslow, Tristram G. |
| 700 1# - ADDED ENTRY--PERSONAL NAME | |
| Personal name | Terr, Abba I. |
| 907 ## - LOCAL DATA ELEMENT G, LDG (RLIN) | |
| a | .b10055551 |
| b | 16-01-06 |
| c | 17-04-03 |
| 942 ## - ADDED ENTRY ELEMENTS (KOHA) | |
| Koha item type | Ordinary Loan Books |
| Call number prefix | QR181 |
| Date last seen | Total Checkouts | Full call number | Barcode | Cost, replacement price | Price effective from | Koha item type | Lost status | Source of classification or shelving scheme | Damaged status | Not for loan | Collection | Withdrawn status | Home library | Current library | Shelving location | Date acquired | Cost, normal purchase price |
|---|---|---|---|---|---|---|---|---|---|---|---|---|---|---|---|---|---|
| 01/20/2023 | 33 | QR181 BAS | 92003015103 | 80.00 | 01/20/2023 | BOOKS | LCC | NFIC | Medical | Medical | GEN | 01/20/2023 | 80.00 |